书目信息 |
| 题名: |
哲学和启蒙
|
|
| 作者: | 刑贲思 著 | |
| 分册: | ||
| 出版信息: | 北京 人民出版社 1980.02 |
|
| 页数: | 297页 | |
| 开本: | 19cm | |
| 丛书名: | ||
| 单 册: | ||
| 中图分类: | B01 | |
| 科图分类: | ||
| 主题词: | 哲学基本问题 | |
| 电子资源: | ||
| ISBN: | ||
| 000 | 00494nam0 2200193 45 | |
| 001 | 0206251550 | |
| 005 | 20060911110738.48 | |
| 010 | @dCNY0.66 | |
| 091 | @a2001.191 | |
| 100 | @a20020625d1980 km y0chiy0120 ea | |
| 101 | 0 | @achi |
| 200 | 1 | @a哲学和启蒙@AZhe Xue He Qi Meng@f刑贲思著@FXing Ben Si Zhu |
| 210 | @a北京@c人民出版社@d1980.02 | |
| 215 | @a297页@d19cm | |
| 606 | 0 | @a哲学基本问题 |
| 690 | @aB01@v3 | |
| 701 | 0 | @a刑贲思@4著 |
| 801 | @aCN@bTSTC@c20060911 | |
| 905 | @f1@b30274@dB01@e165 | |
| 哲学和启蒙/刑贲思著.-北京:人民出版社,1980.02 |
| 297页;19cm |
| ISBN :CNY0.66 |
| ● |
| 相关链接 |
|
|
|
|
正题名:哲学和启蒙
索取号:B01/165
 
预约/预借
| 序号 | 登录号 | 条形码 | 馆藏地/架位号 | 状态 | 备注 |
| 1 | 0030274 | 001798576 | 密集书库/ [索取号:B01/165] | 在馆 | |
| 2 | 0030275 | 202183920 | 密集书库/ [索取号:B01/165] | 在馆 | |
| 3 | 0425458 | 204254582 | 密集书库/ [索取号:B01/165] | 在馆 | |
| 4 | 0426005 | 204260058 | 密集书库/ [索取号:B01/165] | 在馆 | |
| 5 | 0469416 | 204694161 | 密集书库/ [索取号:B01/165] | 在馆 | |
| 6 | 0471927 | 204719279 | 密集书库/ [索取号:B01/165] | 在馆 |